[Event "Qatar Masters Open 2014"]
[Site "Doha QAT"]
[Date "2014.11.29"]
[Round "4.71"]
[White "Nuri, Kambez"]
[Black "Khademalsharieh, Sarasadat"]
[Result "1-0"]
[WhiteElo "2300"]
[BlackElo "2378"]
[PlyCount "115"]
[EventDate "2014.11.26"]
[EventType "swiss"]
[EventRounds "9"]
[EventCountry "QAT"]
[Source "lmi"]
[SourceDate "2014.11.26"]

1. e4 e5 2. Nf3 Nc6 3. Bc4 Bc5 4. c3 Nf6 5. d4 exd4 6. cxd4 Bb4+ 7. Nbd2 d5 8.
exd5 Nxd5 9. O-O O-O 10. a3 Bxd2 11. Bxd2 Bg4 12. h3 Bh5 13. g4 Bg6 14. Bg5 Qd6
15. Bh4 Nb6 16. Bd3 f5 17. Bg3 Qd5 18. Bb1 Kh8 19. Ba2 Qd8 20. d5 Na5 21. Nh4
f4 22. Nxg6+ hxg6 23. Bh2 Qf6 24. Qd3 Qxb2 25. Qxg6 Rf6 26. Qh5+ Rh6 27. Qg5
Qc3 28. Qxf4 Qxh3 29. Qg3 Qxg3+ 30. Bxg3 c5 31. dxc6 Nxc6 32. Kg2 g5 33. Rh1
Rxh1 34. Rxh1+ Kg7 35. Rh5 Kf6 36. Rh6+ Kg7 37. Rh5 Kf6 38. Rh7 Rd8 39. Rf7+
Kg6 40. Rxb7 Rd2 41. Bb1+ Kf6 42. Rc7 Nd4 43. Rxa7 Nc4 44. Ra6+ Ke7 45. Kh3 Rd1
46. Be4 Nd2 47. Bd5 N2f3 48. Ra7+ Ke8 49. Bxf3 Nxf3 50. Kg2 Ne1+ 51. Kf1 Ra1
52. Ke2 Nc2 53. a4 Nd4+ 54. Ke3 Nc6 55. Ra8+ Kf7 56. Ke4 Ke6 57. f3 Ra3 58. Bf2
1-0

[Event "Qatar Masters Open 2014"]
[Site "Doha QAT"]
[Date "2014.11.29"]
[Round "4.72"]
[White "Gu, Xiaobing"]
[Black "Daulyte, Deimante"]
[Result "1/2-1/2"]
[WhiteElo "2283"]
[BlackElo "2364"]
[PlyCount "102"]
[EventDate "2014.11.26"]
[EventType "swiss"]
[EventRounds "9"]
[EventCountry "QAT"]
[Source "lmi"]
[SourceDate "2014.11.26"]

1. e4 d6 2. d4 Nf6 3. Nc3 e5 4. Nge2 Be7 5. g3 c6 6. Bg2 b5 7. a3 O-O 8. O-O
Nbd7 9. f4 a5 10. Kh1 Bb7 11. d5 Nc5 12. fxe5 dxe5 13. Bg5 b4 14. Bxf6 Bxf6 15.
axb4 axb4 16. Rxa8 Bxa8 17. Na2 Qa5 18. Nec1 Rd8 19. c3 Na6 20. c4 Bb7 21. Qg4
Bc8 22. Qf3 Nc5 23. Qe3 Bg4 24. h3 Bd7 25. Qd2 Rb8 26. g4 h6 27. Qf2 Rf8 28.
Qg3 cxd5 29. cxd5 Qb5 30. Re1 Qa5 31. Rg1 Re8 32. Qe1 Na6 33. Bf1 Bb5 34. Bxb5
Qxb5 35. Qf1 Qxf1 36. Rxf1 Nc5 37. Nxb4 Nxe4 38. Re1 Nd6 39. Nc6 e4 40. b4 Bc3
41. Rd1 g6 42. Ne2 Bg7 43. b5 Ra8 44. Rb1 Ra2 45. Ng3 e3 46. b6 e2 47. Re1 Rb2
48. Rxe2 Rxb6 49. Kg2 Rb3 50. Kf2 Rd3 51. Ra2 Kh7 1/2-1/2

[Event "Qatar Masters Open 2014"]
[Site "Doha QAT"]
[Date "2014.11.29"]
[Round "4.73"]
[White "Liang, Awonder"]
[Black "Kochetkova, Julia"]
[Result "1/2-1/2"]
[WhiteElo "2266"]
[BlackElo "2345"]
[PlyCount "113"]
[EventDate "2014.11.26"]
[EventType "swiss"]
[EventRounds "9"]
[EventCountry "QAT"]
[Source "lmi"]
[SourceDate "2014.11.26"]

1. e4 d6 2. d4 Nf6 3. Nc3 Nbd7 4. Nf3 e5 5. Bc4 Be7 6. O-O exd4 7. Nxd4 Nb6 8.
Bd3 O-O 9. a4 a5 10. h3 Re8 11. Qf3 g6 12. Re1 Nbd7 13. Be2 c6 14. Qg3 Nc5 15.
Bc4 Bf8 16. Bg5 h6 17. Be3 Bg7 18. Ba2 Ncxe4 19. Nxe4 Nxe4 20. Qxg6 d5 21. Qh5
Qf6 22. c3 Bd7 23. Nf3 Qf5 24. Qxf5 Bxf5 25. Bb3 Bg6 26. Nd2 Nxd2 27. Bxd2 d4
28. cxd4 Bxd4 29. Bxh6 Bxb2 30. Rxe8+ Rxe8 31. Rd1 Re4 32. Bd2 Re5 33. f4 Rc5
34. Re1 b5 35. Re8+ Kg7 36. Be3 bxa4 37. Bxa4 Rc4 38. Bb3 Rb4 39. Ba2 a4 40. g4
Re4 41. Rb8 Rxe3 42. Rxb2 Be4 43. Rb7 Bd5 44. Bxd5 cxd5 45. Ra7 a3 46. Kg2 d4
47. Ra4 d3 48. Rxa3 d2 49. Rxe3 d1=Q 50. Re5 f6 51. Rf5 Qe1 52. Rh5 Qe4+ 53.
Kg3 Qe3+ 54. Kg2 Qxf4 55. Rf5 Qe3 56. Kh2 Kg6 57. Kg2 1/2-1/2

[Event "Qatar Masters Open 2014"]
[Site "Doha QAT"]
[Date "2014.11.29"]
[Round "4.74"]
[White "Tabatabaei, M.Amin"]
[Black "Bologan, Viktor"]
[Result "1/2-1/2"]
[WhiteElo "2353"]
[BlackElo "2643"]
[PlyCount "95"]
[EventDate "2014.11.26"]
[EventType "swiss"]
[EventRounds "9"]
[EventCountry "QAT"]
[Source "lmi"]
[SourceDate "2014.11.26"]

1. e4 c5 2. Nf3 d6 3. Bb5+ Nd7 4. d4 cxd4 5. Qxd4 a6 6. Bxd7+ Bxd7 7. c4 e5 8.
Qd3 h6 9. Nc3 Nf6 10. O-O Be7 11. a4 O-O 12. b3 b5 13. axb5 axb5 14. Rxa8 Qxa8
15. cxb5 Rb8 16. Be3 Bxb5 17. Nxb5 Qa6 18. Nd2 Qxb5 19. Qc3 Bd8 20. Ra1 Ng4 21.
Ba7 Ra8 22. h3 Nf6 23. Be3 Qb7 24. Rxa8 Qxa8 25. b4 Qb7 26. Qc4 d5 27. exd5
Nxd5 28. Qe4 Bc7 29. Bc5 Qc6 30. Nf1 Qd7 31. Qd3 Qc6 32. Qe4 Qa8 33. Kh2 Qa2
34. Ne3 Nxe3 35. Bxe3 Qa4 36. Qg4 Bd6 37. Bxh6 g6 38. Bd2 Qc2 39. Qg5 e4+ 40.
Bf4 Qc7 41. Bg3 Bxg3+ 42. fxg3 Qc4 43. Qc5 Qb3 44. b5 e3 45. Qe5 Qb4 46. g4 Kh7
47. Qxe3 Qxb5 48. h4 1/2-1/2

[Event "Qatar Masters Open 2014"]
[Site "Doha QAT"]
[Date "2014.11.29"]
[Round "4.75"]
[White "Zhai, Mo"]
[Black "Karthikeyan, Murali"]
[Result "0-1"]
[WhiteElo "2325"]
[BlackElo "2497"]
[PlyCount "60"]
[EventDate "2014.11.26"]
[EventType "swiss"]
[EventRounds "9"]
[EventCountry "QAT"]
[Source "lmi"]
[SourceDate "2014.11.26"]

1. d4 d5 2. c4 e6 3. Nc3 Nf6 4. Bg5 Nbd7 5. e3 Be7 6. Nf3 O-O 7. Qc2 dxc4 8.
Bxc4 a6 9. Rd1 b5 10. Bd3 Bb7 11. Ne5 h6 12. Nxd7 Nxd7 13. Bxe7 Qxe7 14. Bh7+
Kh8 15. Be4 c6 16. O-O f5 17. Bf3 e5 18. Rfe1 Rac8 19. Qb3 e4 20. Be2 c5 21.
dxc5 Nxc5 22. Qb4 f4 23. exf4 Rxf4 24. Qd4 Rcf8 25. Rf1 Qg5 26. Qd6 Nd3 27. Qb6
Nxf2 28. Qxb7 Qc5 29. Rxf2 Qxf2+ 30. Kh1 Qf1+ 0-1

[Event "Qatar Masters Open 2014"]
[Site "Doha QAT"]
[Date "2014.11.29"]
[Round "4.76"]
[White "Das, Sayantan"]
[Black "Lammers, Markus"]
[Result "1-0"]
[WhiteElo "2444"]
[BlackElo "2327"]
[PlyCount "99"]
[EventDate "2014.11.26"]
[EventType "swiss"]
[EventRounds "9"]
[EventCountry "QAT"]
[Source "lmi"]
[SourceDate "2014.11.26"]

1. e4 g6 2. d4 Bg7 3. Nc3 d6 4. Be3 a6 5. f4 b5 6. Nf3 Nd7 7. Bd3 Bb7 8. e5 e6
9. a4 b4 10. Ne4 Ne7 11. exd6 Nf5 12. dxc7 Qxc7 13. Bd2 Rb8 14. c3 O-O 15. O-O
Nd6 16. Nxd6 Qxd6 17. Qe2 Rfd8 18. Be4 Bxe4 19. Qxe4 bxc3 20. bxc3 Rb2 21. Rfb1
Nf6 22. Qd3 Rdb8 23. Rxb2 Rxb2 24. Rb1 Rxb1+ 25. Qxb1 Nd5 26. Ne5 h5 27. h3 Qc7
28. Qb3 g5 29. fxg5 Bxe5 30. dxe5 Qxe5 31. Qc4 a5 32. Qd3 h4 33. Qd4 Qxd4+ 34.
cxd4 Nb6 35. Bxa5 Nxa4 36. Kf2 Kh7 37. Kf3 Nb2 38. Bd2 Kg6 39. Kg4 Nc4 40. Bf4
Na3 41. Be3 Nc4 42. Bf2 Kh7 43. Kxh4 e5 44. d5 e4 45. Bg3 Kg7 46. Bf4 Kf8 47.
Kg4 Ke7 48. h4 Nb6 49. d6+ Ke6 50. h5 1-0

[Event "Qatar Masters Open 2014"]
[Site "Doha QAT"]
[Date "2014.11.29"]
[Round "4.77"]
[White "Kanter, Eduard"]
[Black "Ni, Shiqun"]
[Result "1/2-1/2"]
[WhiteElo "2394"]
[BlackElo "2262"]
[PlyCount "98"]
[EventDate "2014.11.26"]
[EventType "swiss"]
[EventRounds "9"]
[EventCountry "QAT"]
[Source "lmi"]
[SourceDate "2014.11.26"]

1. d4 Nf6 2. c4 g6 3. Nc3 d5 4. cxd5 Nxd5 5. e4 Nxc3 6. bxc3 Bg7 7. Be3 c5 8.
Qd2 O-O 9. Rc1 Qa5 10. d5 e6 11. c4 Qxd2+ 12. Kxd2 b6 13. Bd3 f5 14. Ne2 fxe4
15. Bxe4 Bb7 16. Nf4 exd5 17. Nxd5 Nc6 18. Ne7+ Nxe7 19. Bxb7 Rad8+ 20. Ke2 Rd7
21. Be4 Nf5 22. Bxf5 Rxf5 23. Rhd1 Bd4 24. Bxd4 cxd4 25. Rc2 d3+ 26. Rxd3 Rxf2+
27. Kxf2 Rxd3 28. Ke2 Ra3 29. c5 bxc5 30. Rxc5 Rxa2+ 31. Kf3 Ra6 32. Rc8+ Kg7
33. Rc7+ Kh6 34. h4 Ra3+ 35. Kf4 Ra4+ 36. Kf3 Rxh4 37. Rxa7 Rb4 38. g4 Kg5 39.
Rxh7 Rf4+ 40. Kg3 Rxg4+ 41. Kf3 Ra4 42. Rb7 Ra3+ 43. Kg2 Kh5 44. Rb5+ g5 45.
Rb4 g4 46. Rb8 Ra2+ 47. Kg3 Ra3+ 48. Kg2 Ra2+ 49. Kg3 Ra3+ 1/2-1/2

[Event "Qatar Masters Open 2014"]
[Site "Doha QAT"]
[Date "2014.11.30"]
[Round "5.2"]
[White "Grandelius, Nils"]
[Black "Eljanov, Pavel"]
[Result "1-0"]
[WhiteElo "2573"]
[BlackElo "2719"]
[PlyCount "63"]
[EventDate "2014.11.26"]
[EventType "swiss"]
[EventRounds "9"]
[EventCountry "QAT"]
[Source "lmi"]
[SourceDate "2014.11.26"]

1. e4 e5 2. Nf3 Nc6 3. Bb5 a6 4. Ba4 Nf6 5. O-O Be7 6. Re1 b5 7. Bb3 d6 8. c3
O-O 9. d4 Bg4 10. Be3 exd4 11. cxd4 d5 12. e5 Ne4 13. h3 Bh5 14. Nbd2 Qd7 15.
a3 Nxd2 16. Qxd2 Bxf3 17. gxf3 a5 18. Kh2 a4 19. Bc2 f5 20. Rg1 Rf7 21. Qe2 Na5
22. Bf4 Qc6 23. e6 Rf6 24. Be5 Bd6 25. f4 Bxe5 26. dxe5 Qxe6 27. Rxg7+ Kxg7 28.
exf6+ Qxf6 29. Rg1+ Kh8 30. Rg5 Nc4 31. Rxf5 Qg7 32. Rh5 1-0

[Event "Qatar Masters Open 2014"]
[Site "Doha QAT"]
[Date "2014.11.30"]
[Round "5.3"]
[White "Kryvoruchko, Yuriy"]
[Black "Tomashevsky, Evgeny"]
[Result "1/2-1/2"]
[WhiteElo "2706"]
[BlackElo "2714"]
[PlyCount "62"]
[EventDate "2014.11.26"]
[EventType "swiss"]
[EventRounds "9"]
[EventCountry "QAT"]
[Source "lmi"]
[SourceDate "2014.11.26"]

1. e4 e5 2. Nf3 Nc6 3. Bc4 Bc5 4. O-O Nf6 5. d3 O-O 6. c3 d5 7. exd5 Nxd5 8.
Nbd2 Nb6 9. Bb5 Bd6 10. Ne4 Bf5 11. Re1 Re8 12. Bd2 Bg6 13. a4 a6 14. Bxc6 bxc6
15. a5 Nd5 16. Qa4 Qd7 17. d4 Bxe4 18. Rxe4 Nf6 19. Nxe5 Bxe5 20. Rxe5 Rxe5 21.
dxe5 Qxd2 22. exf6 Qxb2 23. fxg7 Qxc3 24. h3 Re8 25. Ra3 Re1+ 26. Kh2 Qe5+ 27.
Rg3 Qa1 28. Qxa1 Rxa1 29. Rc3 Rxa5 30. Rxc6 Kxg7 31. Rxc7 Rd5 1/2-1/2

[Event "Qatar Masters Open 2014"]
[Site "Doha QAT"]
[Date "2014.11.30"]
[Round "5.8"]
[White "Yu, Yangyi"]
[Black "Durarbayli, Vasif"]
[Result "1-0"]
[WhiteElo "2705"]
[BlackElo "2621"]
[PlyCount "100"]
[EventDate "2014.11.26"]
[EventType "swiss"]
[EventRounds "9"]
[EventCountry "QAT"]
[Source "lmi"]
[SourceDate "2014.11.26"]

1. e4 e5 2. Nf3 Nc6 3. Bb5 a6 4. Ba4 Nf6 5. O-O b5 6. Bb3 Bc5 7. d3 O-O 8. Nc3
d6 9. Nd5 h6 10. a4 Rb8 11. axb5 axb5 12. Be3 Nxd5 13. exd5 Bxe3 14. fxe3 Ne7
15. Qe1 Bb7 16. e4 Ng6 17. Qe3 Bc8 18. c3 Bg4 19. Nd2 Ra8 20. h3 Rxa1 21. Rxa1
Bd7 22. Nf3 Qf6 23. d4 Nf4 24. dxe5 dxe5 25. Kh2 Rb8 26. Qa7 Rc8 27. Ra6 Qe7
28. Bc2 Kh7 29. b4 f6 30. Ne1 Qe8 31. Nd3 Nxd3 32. Bxd3 Qh5 33. Qe3 Qd1 34. Ra7
Be8 35. Qg3 Qd2 36. d6 Qxc3 37. Qg4 Qxd3 38. Qxc8 Qxe4 39. Qxc7 Qf4+ 40. Kg1
Qe3+ 41. Kh1 Bf7 42. d7 Bd5 43. Qc2+ Be4 44. Qxe4+ Qxe4 45. d8=Q Qf4 46. Ra1
Qxb4 47. Qd3+ e4 48. Rb1 Qe7 49. Qxb5 Qe6 50. Rf1 Kg6 1-0

[Event "Qatar Masters Open 2014"]
[Site "Doha QAT"]
[Date "2014.11.30"]
[Round "5.9"]
[White "Volokitin, Andrei"]
[Black "Moiseenko, Alexander"]
[Result "1/2-1/2"]
[WhiteElo "2627"]
[BlackElo "2701"]
[PlyCount "98"]
[EventDate "2014.11.26"]
[EventType "swiss"]
[EventRounds "9"]
[EventCountry "QAT"]
[Source "lmi"]
[SourceDate "2014.11.26"]

1. e4 d6 2. d4 Nf6 3. Nc3 e5 4. Nf3 Nbd7 5. Bc4 Be7 6. a4 O-O 7. O-O a6 8. h3
b6 9. Qe2 c6 10. Rd1 Qc7 11. d5 Bb7 12. dxc6 Bxc6 13. Bg5 Qb7 14. Nd5 Bxd5 15.
Rxd5 h6 16. Bxf6 Nxf6 17. Nd2 g6 18. Rd3 Kg7 19. Bd5 Nxd5 20. Rxd5 Rac8 21. c4
f5 22. Nb1 Qc6 23. b3 Rf7 24. Nc3 Rcf8 25. Rad1 Kh7 26. R1d3 Qc8 27. Rf3 f4 28.
Kh2 h5 29. Rfd3 Kh6 30. f3 Rf6 31. a5 bxa5 32. Rxa5 Re6 33. Qa2 g5 34. Rxa6 g4
35. Nb5 d5 36. Rxe6+ Qxe6 37. cxd5 Qb6 38. d6 Bh4 39. Nc7 gxh3 40. b4 hxg2 41.
Qxg2 Qxb4 42. Qd2 Qc4 43. Nd5 Rd8 44. Qc3 Qa6 45. Ne7 Bxe7 46. dxe7 Rxd3 47.
e8=Q Qa2+ 48. Kh3 Rxc3 49. Qxh5+ Kxh5 1/2-1/2

[Event "Qatar Masters Open 2014"]
[Site "Doha QAT"]
[Date "2014.11.30"]
[Round "5.10"]
[White "Oleksienko, Mikhailo"]
[Black "Cheparinov, Ivan"]
[Result "1/2-1/2"]
[WhiteElo "2620"]
[BlackElo "2684"]
[PlyCount "63"]
[EventDate "2014.11.26"]
[EventType "swiss"]
[EventRounds "9"]
[EventCountry "QAT"]
[Source "lmi"]
[SourceDate "2014.11.26"]

1. e4 c5 2. Nf3 d6 3. d4 cxd4 4. Nxd4 Nf6 5. f3 e5 6. Nb3 d5 7. Bg5 d4 8. c3
Nc6 9. cxd4 Bb4+ 10. Nc3 exd4 11. a3 Be7 12. Nb5 O-O 13. N3xd4 Qb6 14. Be3 Rd8
15. Qd2 Bc5 16. Rd1 Nxe4 17. fxe4 Bg4 18. Be2 Bxe2 19. Kxe2 Rd7 20. b4 Bxd4 21.
Nxd4 Rad8 22. Qc2 Nxd4+ 23. Rxd4 Rxd4 24. Bxd4 Rxd4 25. Rd1 Rxd1 26. Qxd1 g6
27. Qd7 Qa6+ 28. Ke1 Qxa3 29. Qxb7 Qe3+ 30. Kf1 Qf4+ 31. Kg1 Qe3+ 32. Kf1
1/2-1/2

[Event "Qatar Masters Open 2014"]
[Site "Doha QAT"]
[Date "2014.11.30"]
[Round "5.11"]
[White "Sjugirov, Sanan"]
[Black "Bogner, Sebastian"]
[Result "1-0"]
[WhiteElo "2673"]
[BlackElo "2598"]
[PlyCount "95"]
[EventDate "2014.11.26"]
[EventType "swiss"]
[EventRounds "9"]
[EventCountry "QAT"]
[Source "lmi"]
[SourceDate "2014.11.26"]

1. d4 Nf6 2. c4 e6 3. g3 Bb4+ 4. Bd2 Be7 5. Bg2 d5 6. Nf3 c6 7. O-O O-O 8. Bf4
dxc4 9. Ne5 Nd5 10. Nxc4 Nxf4 11. gxf4 c5 12. dxc5 Qc7 13. e3 Rd8 14. Nbd2 Na6
15. c6 Nb4 16. cxb7 Bxb7 17. Bxb7 Qxb7 18. Qf3 Qa6 19. b3 Rab8 20. Ne4 Nc2 21.
Rad1 Qxa2 22. Ne5 Rxd1 23. Rxd1 Rd8 24. Nd6 Bxd6 25. Rxd6 Rf8 26. Qd1 h6 27.
Nc6 a6 28. Rd2 Qa1 29. Qxa1 Nxa1 30. Nd4 Rd8 31. b4 f6 32. Ra2 e5 33. fxe5 fxe5
34. Nc6 Rd1+ 35. Kg2 e4 36. Nd4 Rb1 37. Rxa6 Nb3 38. Nf5 Nd2 39. Ra7 Nf3 40.
Rxg7+ Kf8 41. Rg4 Rxb4 42. Nxh6 Ke7 43. h4 Ne5 44. Rg7+ Kf6 45. Ra7 Nd3 46.
Ra6+ Kg7 47. Ng4 Rb5 48. Re6 1-0

[Event "Qatar Masters Open 2014"]
[Site "Doha QAT"]
[Date "2014.11.30"]
[Round "5.12"]
[White "L'Ami, Erwin"]
[Black "Edouard, Romain"]
[Result "1/2-1/2"]
[WhiteElo "2618"]
[BlackElo "2659"]
[PlyCount "123"]
[EventDate "2014.11.26"]
[EventType "swiss"]
[EventRounds "9"]
[EventCountry "QAT"]
[Source "lmi"]
[SourceDate "2014.11.26"]

1. d4 d5 2. c4 dxc4 3. Nf3 Nf6 4. e3 e6 5. Bxc4 c5 6. O-O a6 7. dxc5 Qxd1 8.
Rxd1 Bxc5 9. Be2 b6 10. Ne5 Bb7 11. b3 Nbd7 12. Nc4 Rc8 13. Bb2 Ke7 14. a3 b5
15. Na5 Bd5 16. a4 Bb4 17. axb5 Rc2 18. Bxf6+ Kxf6 19. Bd3 Rc5 20. e4 Ba8 21.
Ra4 Ne5 22. Bf1 Bxa5 23. Rxa5 axb5 24. f3 Rb8 25. Na3 Rc3 26. Rb1 b4 27. Nb5
Rc2 28. Rba1 Bb7 29. Nd6 Bc6 30. f4 Nd7 31. e5+ Ke7 32. Ra7 Bd5 33. Nc4 Rc3 34.
Rc7 Rb7 35. Rxb7 Bxb7 36. Ra7 Bc6 37. Na5 Kd8 38. Nxc6+ Rxc6 39. Ra4 Rb6 40.
Kf2 Nc5 41. Ra8+ Kc7 42. Bc4 Rb8 43. Ra5 Kc6 44. Ke3 f6 45. exf6 gxf6 46. Ra7
Rb7 47. Rxb7 Kxb7 48. g4 Kc6 49. g5 fxg5 50. fxg5 Kd6 51. Kf4 Ke7 52. Ke5 Kf7
53. Kd4 Nxb3+ 54. Bxb3 h6 55. Ke5 hxg5 56. Bxe6+ Kg7 57. h3 b3 58. Bxb3 Kh8 59.
Kf6 Kh7 60. Bc4 Kh8 61. Kg6 g4 62. hxg4 1/2-1/2

[Event "Qatar Masters Open 2014"]
[Site "Doha QAT"]
[Date "2014.11.30"]
[Round "5.13"]
[White "Movsesian, Sergei"]
[Black "Salem, A.R. Saleh"]
[Result "0-1"]
[WhiteElo "2659"]
[BlackElo "2586"]
[PlyCount "76"]
[EventDate "2014.11.26"]
[EventType "swiss"]
[EventRounds "9"]
[EventCountry "QAT"]
[Source "lmi"]
[SourceDate "2014.11.26"]

1. g3 c5 2. Bg2 Nc6 3. Nf3 g6 4. O-O Bg7 5. c3 e5 6. e4 Nge7 7. d3 O-O 8. a3 a5
9. a4 d5 10. Na3 h6 11. exd5 Nxd5 12. Qb3 Nde7 13. Be3 Be6 14. Qc2 b6 15. Rad1
Ra7 16. Rfe1 Rd7 17. h3 Qb8 18. Bc1 Rfd8 19. Nc4 Bf5 20. Bf1 g5 21. Ne3 Be6 22.
h4 g4 23. Nd2 f5 24. Ndc4 Rf8 25. Qb3 Rb7 26. Bg2 Kh8 27. Qb5 Qc7 28. Nc2 Rbb8
29. Qb3 f4 30. N2a3 Nf5 31. Nb5 Qd7 32. Kh2 Nxh4 33. gxh4 Qd8 34. Kg1 f3 35.
Bf1 Qxh4 36. Re4 Rf5 37. Bxh6 Rh5 38. Bxg7+ Kxg7 0-1

[Event "Qatar Masters Open 2014"]
[Site "Doha QAT"]
[Date "2014.11.30"]
[Round "5.14"]
[White "Van Kampen, Robin"]
[Black "Akopian, Vladimir"]
[Result "1/2-1/2"]
[WhiteElo "2612"]
[BlackElo "2657"]
[PlyCount "159"]
[EventDate "2014.11.26"]
[EventType "swiss"]
[EventRounds "9"]
[EventCountry "QAT"]
[Source "lmi"]
[SourceDate "2014.11.26"]

1. e4 e5 2. Nf3 Nc6 3. Bb5 Nf6 4. O-O Nxe4 5. Re1 Nd6 6. Nxe5 Be7 7. Bf1 Nxe5
8. Rxe5 O-O 9. Nc3 Ne8 10. Nd5 Bd6 11. Re2 c6 12. Ne3 Be7 13. c4 f5 14. Qe1 f4
15. Nf5 Bg5 16. d4 d6 17. Ne7+ Kh8 18. Nxc8 Rxc8 19. g3 Qf6 20. Qc3 Nc7 21. b3
Rce8 22. Rxe8 Nxe8 23. gxf4 Bxf4 24. Bxf4 Qxf4 25. Qe3 Qg4+ 26. Bg2 Nf6 27. Re1
h6 28. h3 Qh4 29. d5 cxd5 30. cxd5 Nh5 31. Qxa7 Nf4 32. Qe3 Qg5 33. Qg3 Qf6 34.
a4 b6 35. Qe3 Qf5 36. Qg3 Nxd5 37. Bxd5 Qxd5 38. Re7 Qd4 39. Qe3 Qd1+ 40. Kg2
Qd5+ 41. f3 Rxf3 42. Qxf3 Qg5+ 43. Qg4 Qxe7 44. Qc8+ Kh7 45. Qf5+ g6 46. Qb5
Qe4+ 47. Kh2 Qc2+ 48. Kg3 Qc7 49. b4 h5 50. a5 d5+ 51. Kf2 bxa5 52. bxa5 Qc2+
53. Kg1 Qc1+ 54. Kg2 Qd2+ 55. Kh1 d4 56. a6 d3 57. a7 Qe1+ 58. Kg2 Qe2+ 59. Kg1
Qe3+ 60. Kg2 Qe4+ 61. Kh2 Qf4+ 62. Kg2 Qd2+ 63. Kg1 Qc1+ 64. Kg2 Qc2+ 65. Kg1
d2 66. Qd7+ Kh6 67. Qxd2+ Qxd2 68. a8=Q Kg5 69. Qe4 Kf6 70. Kh1 Qf2 71. Qc6+
Kg5 72. Qd5+ Kh4 73. Qe4+ Kg5 74. Qe5+ Qf5 75. Qg3+ Kf6 76. Qd6+ Kg7 77. Qd4+
Kh6 78. Kg2 Qc2+ 79. Kg3 Qb3+ 80. Kg2 1/2-1/2

[Event "Qatar Masters Open 2014"]
[Site "Doha QAT"]
[Date "2014.11.30"]
[Round "5.15"]
[White "Cornette, Matthieu"]
[Black "Ivanisevic, Ivan"]
[Result "1/2-1/2"]
[WhiteElo "2566"]
[BlackElo "2643"]
[PlyCount "61"]
[EventDate "2014.11.26"]
[EventType "swiss"]
[EventRounds "9"]
[EventCountry "QAT"]
[Source "lmi"]
[SourceDate "2014.11.26"]

1. e4 c5 2. Nf3 e6 3. d4 cxd4 4. Nxd4 Nc6 5. Nc3 Qc7 6. Be3 a6 7. Qd2 Nf6 8. f4
b5 9. e5 Ng4 10. Bg1 Bb7 11. O-O-O Nxd4 12. Bxd4 Be7 13. Bd3 O-O 14. Ne4 f5 15.
exf6 Nxf6 16. Be5 Nxe4 17. Bxe4 d6 18. Bxb7 Qxb7 19. Bxd6 Rad8 20. Qe2 Rxd6 21.
Rxd6 Bxd6 22. Qxe6+ Qf7 23. Qxd6 Qxa2 24. Qa3 Qxa3 25. bxa3 Rxf4 26. Rd1 Kf7
27. Rd7+ Kg6 28. Ra7 Rf6 29. Kb2 h5 30. g3 Re6 31. Kb3 1/2-1/2

[Event "Qatar Masters Open 2014"]
[Site "Doha QAT"]
[Date "2014.11.30"]
[Round "5.20"]
[White "Hovhannisyan, Robert"]
[Black "Berkes, Ferenc"]
[Result "1/2-1/2"]
[WhiteElo "2591"]
[BlackElo "2669"]
[PlyCount "141"]
[EventDate "2014.11.26"]
[EventType "swiss"]
[EventRounds "9"]
[EventCountry "QAT"]
[Source "lmi"]
[SourceDate "2014.11.26"]

1. e4 e6 2. d4 d5 3. Nc3 Nf6 4. Bg5 dxe4 5. Nxe4 Nbd7 6. Nxf6+ Nxf6 7. c3 h6 8.
Bh4 c5 9. Bxf6 gxf6 10. Qf3 Bd7 11. d5 e5 12. Bd3 h5 13. Ne2 h4 14. c4 Rg8 15.
Nc3 Rg5 16. d6 f5 17. O-O-O Bxd6 18. Bc2 Rg6 19. Kb1 e4 20. Qh5 Qf6 21. Nd5 Qg7
22. Ne3 Qh6 23. Qxh6 Rxh6 24. Rd5 f4 25. Nf5 Bxf5 26. Rxf5 Re6 27. Re1 e3 28.
fxe3 Rxe3 29. Rd1 Rd8 30. Rh5 Be5 31. Ba4+ Ke7 32. Rxd8 Kxd8 33. Bd1 Ke7 34.
Kc2 b6 35. Rxh4 Re1 36. Bf3 Ra1 37. Rh5 Bd4 38. a3 Ra2 39. Bd5 Rxb2+ 40. Kd3
Rb3+ 41. Ke4 Rxa3 42. Rh7 Kd6 43. Bxf7 a5 44. Rh6+ Ke7 45. Bh5 Rb3 46. Kf5 a4
47. Rh7+ Kd8 48. Ke6 b5 49. cxb5 Rxb5 50. Ra7 Rb6+ 51. Kd5 Rf6 52. Bg4 Ke8 53.
Rxa4 Kf7 54. h4 Kg6 55. Ra8 Bf2 56. h5+ Kh6 57. Rh8+ Kg7 58. Rd8 Bd4 59. Ke4
Kh6 60. Bf5 Kxh5 61. Kxf4 Be3+ 62. Ke4 Bg5 63. Rd3 Bc1 64. Rd1 Kg5 65. g4 Bb2
66. Rd5 Bd4 67. Bd7+ Kg6 68. Be8+ Kg7 69. Bd7 Rf1 70. Rg5+ Kf6 71. Rf5+ 1/2-1/2

[Event "Qatar Masters Open 2014"]
[Site "Doha QAT"]
[Date "2014.11.30"]
[Round "5.21"]
[White "Mamedov, Rauf"]
[Black "Miton, Kamil"]
[Result "1-0"]
[WhiteElo "2652"]
[BlackElo "2601"]
[PlyCount "117"]
[EventDate "2014.11.26"]
[EventType "swiss"]
[EventRounds "9"]
[EventCountry "QAT"]
[Source "lmi"]
[SourceDate "2014.11.26"]

1. c4 Nf6 2. Nc3 g6 3. g3 Bg7 4. Bg2 O-O 5. e4 c5 6. Nge2 Nc6 7. O-O d6 8. d3
Ne8 9. Rb1 Nc7 10. a3 b6 11. b4 Bb7 12. f4 Nd4 13. Be3 Nxe2+ 14. Nxe2 Ne6 15.
f5 Nd4 16. Nxd4 cxd4 17. Bg5 a5 18. Qb3 axb4 19. axb4 Qd7 20. f6 exf6 21. Bxf6
Bxf6 22. Rxf6 Qe7 23. Rbf1 Ra7 24. b5 Bc8 25. Qb4 Be6 26. Qb2 Qc7 27. Qxd4 Qc5
28. Qxc5 dxc5 29. e5 Rd8 30. Be4 Rd4 31. Re1 Ra3 32. Kf2 Kg7 33. Rf4 Ra2+ 34.
Re2 Ra3 35. h4 h6 36. Rf6 g5 37. h5 Ra7 38. Kg2 Ra3 39. Ref2 Ra7 40. Kf3 Ra3
41. Kg2 Ra7 42. Bf5 Bxf5 43. R2xf5 Rxd3 44. e6 fxe6 45. Rg6+ Kh7 46. Rff6 Rg7
47. Rxh6+ Kg8 48. Rxe6 g4 49. Rxb6 Rd2+ 50. Kf1 Rf7+ 51. Rbf6 Rd4 52. Rxf7 Kxf7
53. b6 Kg7 54. Rg6+ Kh7 55. b7 Rd1+ 56. Ke2 Rb1 57. Rxg4 Rxb7 58. Rg5 Rb3 59.
g4 1-0

[Event "Qatar Masters Open 2014"]
[Site "Doha QAT"]
[Date "2014.11.30"]
[Round "5.22"]
[White "Indjic, Aleksandar"]
[Black "Efimenko, Zahar"]
[Result "0-1"]
[WhiteElo "2538"]
[BlackElo "2644"]
[PlyCount "58"]
[EventDate "2014.11.26"]
[EventType "swiss"]
[EventRounds "9"]
[EventCountry "QAT"]
[Source "lmi"]
[SourceDate "2014.11.26"]

1. d4 Nf6 2. c4 e6 3. Nf3 b6 4. Nc3 Bb4 5. g4 Bb7 6. Qd3 d5 7. cxd5 Bxd5 8. g5
Ne4 9. Rg1 Nd7 10. Rg4 Bxc3+ 11. bxc3 Nd6 12. Nd2 Bb7 13. c4 f5 14. gxf6 Qxf6
15. Bb2 O-O-O 16. f3 h5 17. Rg6 Qh4+ 18. Kd1 Nc5 19. Qa3 Nf5 20. dxc5 Qf2 21.
Rxe6 Qxf1+ 22. Kc2 Qf2 23. Bc3 Ne3+ 24. Kb3 Qxe2 25. c6 Rxd2 26. cxb7+ Kxb7 27.
Re4 Rd3 28. Qc1 Qxf3 29. Re7 Nd1 0-1

[Event "Qatar Masters Open 2014"]
[Site "Doha QAT"]
[Date "2014.11.30"]
[Round "5.23"]
[White "Xu, Jun"]
[Black "Romanov, Evgeny"]
[Result "0-1"]
[WhiteElo "2523"]
[BlackElo "2636"]
[PlyCount "106"]
[EventDate "2014.11.26"]
[EventType "swiss"]
[EventRounds "9"]
[EventCountry "QAT"]
[Source "lmi"]
[SourceDate "2014.11.26"]

1. Nf3 g6 2. d4 Bg7 3. c4 d6 4. Nc3 Bg4 5. e3 Nf6 6. Be2 O-O 7. h3 Bf5 8. O-O
c5 9. d5 Na6 10. Nh4 Bd7 11. Nf3 Bf5 12. Ng5 Nc7 13. e4 Bd7 14. Bf4 Nfe8 15.
Qd2 a6 16. a4 Rb8 17. a5 b5 18. axb6 Rxb6 19. Nf3 e5 20. dxe6 Nxe6 21. Be3 Bc6
22. Rfd1 Qa8 23. Qc2 Qb7 24. Ra2 Bxc3 25. Qxc3 Bxe4 26. Bh6 N8g7 27. Ng5 Nd4
28. Rxd4 cxd4 29. Qd2 Re8 30. Bxg7 Kxg7 31. Qxd4+ Kg8 32. Nxe4 Rxe4 33. Qd2 Qe7
34. b4 Qe5 35. b5 axb5 36. cxb5 Kg7 37. g3 d5 38. Kg2 Qd4 39. Qc2 Rf6 40. Bd3
Re1 41. Ra4 Qe5 42. Ra8 d4 43. Rd8 Ra1 44. Bf1 d3 45. Bxd3 Qe1 46. f4 Qh1+ 47.
Kf2 Rg1 48. Ke3 Rxg3+ 49. Kd4 Rxf4+ 50. Kc5 Qg1+ 51. Kc6 Rf6+ 52. Kb7 Qb6+ 53.
Kc8 Rg5 0-1